Statystyki dla Najdalej wysunięte punkty w Europie

Kliknij tutaj aby rozwiązać quiz!

Ogólne statystyki

  • Ten quiz został rozwiązany 4 razy
  • Średni wynik to 4 z 5

Statystyki odpowiedzi

Punkt% Poprawnych
Przylądek Lithino, wyspa Kreta
100%
Przylądek Północny, Nordkapp, Półwysep Skandynawski
100%
Przylądek Roca, Portugalia
100%
miejscowość Vorkuta, północna część gór Ural
50%
miejscowośc Paterksfjörgshur, Islandia
0%

Rozkład punktacji

Percentyl według liczby udzielonych odpowiedzi

Procent ludzi z każdym wynikiem

Twoja historia wyników

Nie rozwiązałeś tego quizu